=LDR 00000nam 2200000 4500 =001 INLIS000000000030732 =005 20130612132843 =008 ***********************************Ind** =035 ##$$0010-061300000030732 =041 ##$$a Ind =082 ##$$a 372.03 =090 ##$$a 372.03, Sap b =100 ##$$a Saputra, Ihoni Hadi =245 ##$$a Buku pintar sekolah dasar, disusun Jhoni Hadisaputra =260 ##$$a 2007 $b Surabaya =300 ##$$a 674 hlm, ilus, 21 cm =650 ##$$a Pustaka Dasar-Buku Pintar =850 ##$$a NBPNMAT